Constitutional government in India : (Record no. 510903)

000 -LEADER
fixed length control field 01422cam a22003615i 4500
001 - CONTROL NUMBER
control field 20087083
005 - DATE AND TIME OF LATEST TRANSACTION
control field 20190904061209.0
008 - FIXED-LENGTH DATA ELEMENTS--GENERAL INFORMATION
fixed length control field 160530t20162016ii af b 010 0 eng c
010 ## - LIBRARY OF CONGRESS CONTROL NUMBER
LC control number 2017326035
020 ## - INTERNATIONAL STANDARD BOOK NUMBER
International Standard Book Number 9789382823421 (hardback)
020 ## - INTERNATIONAL STANDARD BOOK NUMBER
International Standard Book Number 9382823425 (hardback)
025 ## - OVERSEAS ACQUISITION NUMBER
Overseas acquisition number I-E-2017326035; 72-13
035 ## - SYSTEM CONTROL NUMBER
System control number (OCoLC)ocn950889979
035 ## - SYSTEM CONTROL NUMBER
System control number (OCoLC)950889979
037 ## - SOURCE OF ACQUISITION
Source of stock number/acquisition Library of Congress -- New Delhi Overseas Office
040 ## - CATALOGING SOURCE
Original cataloging agency DKAGE
Language of cataloging eng
Description conventions rda
Transcribing agency DKAGE
Modifying agency OCLCO
-- OCLCF
-- OCLCQ
-- YLS
-- OCLCA
-- OCL
-- DLC
042 ## - AUTHENTICATION CODE
Authentication code lccopycat
-- lcode
043 ## - GEOGRAPHIC AREA CODE
Geographic area code a-ii---
050 #4 - LIBRARY OF CONGRESS CALL NUMBER
Classification number KNS1760
Item number .C66 2016
082 04 - DEWEY DECIMAL CLASSIFICATION NUMBER
Classification number 342.54029
Edition number 23
245 00 - TITLE STATEMENT
Title Constitutional government in India :
Remainder of title essays in honour of Shri T.N. Chaturvedi /
Statement of responsibility, etc [edited] by Dr. Lokendra Malik, Dr. Kusum Lata, Dr. Avneet Kaur.
300 ## - PHYSICAL DESCRIPTION
Extent xiv, 260 pages, 7 pages of plates :
Other physical details illustrations (black and white) ;
Dimensions 25 cm
504 ## - BIBLIOGRAPHY, ETC. NOTE
Bibliography, etc Includes bibliographical references.
650 #0 - SUBJECT ADDED ENTRY--TOPICAL TERM
Topical term or geographic name as entry element Constitutional law
Geographic subdivision India.
9 (RLIN) 9610
651 #0 - SUBJECT ADDED ENTRY--GEOGRAPHIC NAME
Geographic name India
General subdivision Politics and government
Chronological subdivision 1947-
9 (RLIN) 9612
655 #7 - INDEX TERM--GENRE/FORM
Genre/form data or focus term Festschriften.
Source of term lcgft
700 1# - ADDED ENTRY--PERSONAL NAME
Personal name Chaturvedi, T. N.
Fuller form of name (Triloki Nath),
Dates associated with a name 1928-
Relator term honouree.
9 (RLIN) 9619
700 1# - ADDED ENTRY--PERSONAL NAME
Personal name Malik, Lokendra,
Relator term editor.
9 (RLIN) 9622
700 1# - ADDED ENTRY--PERSONAL NAME
Personal name Lata, Kusum,
Relator term editor.
9 (RLIN) 9625
700 1# - ADDED ENTRY--PERSONAL NAME
Personal name Kaur, Avneet,
Relator term editor.
9 (RLIN) 9629
906 ## - LOCAL DATA ELEMENT F, LDF (RLIN)
a 7
b par
c copycat
d 3
e ncip
f 20
g y-gencatlg
955 ## - COPY-LEVEL INFORMATION (RLIN)
Book number/undivided call number, CCAL (RLIN) wd49 2017-10-23 to Cataloging
655 #7 - INDEX TERM--GENRE/FORM
-- 9616

No items available.

Powered by Koha